000 01244nab a22002177a 4500
999 _c5418
_d5418
003 OSt
005 20250321095510.0
008 190502c xxu||||| |||| 00| 0 spa d
040 _cPJ
100 _aCarús, Juan
_96439
245 1 0 _aDefraudación informática (art. 173, inc. 16, Cód. Penal) /
_cJuan Carús.
300 _ap. 3-18
500 _aCita Online: AR/DOC/97/2025.
505 _aSumario: I. Bien jurídico tutelado.— II. ¿Qué clase de delito es la defraudación informática?— III. Tipo objetivo.— IV. Consumación.— V. Participación (complicidad primaria).— VI. Encubrimiento.— VII. Concursos.— VIII. Casuística.— IX. Cuestiones probatorias.— X. Falta de acción por reparación del daño.— XI. Cuestiones de competencia.
505 _tFallo comentado: CNFed. Crim. y Correc., sala I ~ 23/09/2024 ~ Maduro Moros, Nicolás s/ queja de la querella - recurso de queja N.º 6.
505 _t¿Te interesa el texto completo? Solicitalo al correo: koha@justierradelfuego.gov.ar
650 0 _9343
_aDERECHO PENAL
650 0 _9278
_aDELITOS INFORMATICOS
773 0 _02729
_93180
_dBuenos Aires : LexisNexis, 2006-
_tRevista de derecho penal y procesal penal. Nº 3 - Marzo 2025
_z9875920622
942 _2udc
_cANA